[Event "HUN-chT2 Charousek 1819"]
[Site "Hungary"]
[Date "2019.02.24"]
[Round "8.10"]
[White "Gaal, Zsoka"]
[Black "Gyorke, Zoltan"]
[Result "0-1"]
[WhiteElo "1918"]
[BlackElo "2020"]
[PlyCount "66"]
[EventDate "2018.09.23"]
[EventType "team-tourn"]
[EventRounds "11"]
[EventCountry "HUN"]
[SourceTitle "CBM 189 Extra"]
[Source "ChessBase"]
[SourceDate "2019.06.03"]
[SourceVersion "1"]
[SourceVersionDate "2019.06.03"]
[SourceQuality "1"]
[WhiteTeam "Ajka Banyasz"]
[BlackTeam "Komlo Banyasz"]
[WhiteTeamCountry "HUN"]
[BlackTeamCountry "HUN"]

1. Nf3 e6 2. g3 f5 3. Bg2 Nf6 4. d4 Be7 5. 0-0 0-0 6. c4 d6 7. Nc3 Ne4 8. Qc2 Nxc3 9. bxc3 Nc6 10. d5 Na5 11. Qa4 b6 12. dxe6 Bxe6 13. Nd4 Bd7 14. Qc2 c6 15. e4 fxe4 16. Bxe4 h6 17. Nf5 Nxc4 18. Nxh6+ Kh8 19. Qe2 Qe8 20. Bg2 d5 21. Bf4 Bd6 22. Qd3 Bxf4 23. gxf4 gxh6 24. Qd4+ Kh7 25. Kh1 Qf7 26. Rg1 Rg8 27. Rad1 Bf5 28. Rde1 Rae8 29. Rxe8 Rxe8 30. Bf3 Rg8 31. Re1 Nd6 32. Qe5 Re8 33. Qxd6 Rxe1+ 0-1

[Event "HUN-chT2 Asztalos 1819"]
[Site "Hungary"]
[Date "2019.01.27"]
[Round "4.3"]
[White "Gyorke, Zoltan"]
[Black "Mohacsi, Andras J"]
[Result "1/2-1/2"]
[WhiteElo "2020"]
[BlackElo "2180"]
[PlyCount "36"]
[EventDate "2018.10.28"]
[EventType "team-tourn"]
[EventRounds "9"]
[EventCountry "HUN"]
[SourceTitle "CBM 189 Extra"]
[Source "ChessBase"]
[SourceDate "2019.06.03"]
[SourceVersion "1"]
[SourceVersionDate "2019.06.03"]
[SourceQuality "1"]
[WhiteTeam "Komlo"]
[BlackTeam "Sarosd"]
[WhiteTeamCountry "HUN"]
[BlackTeamCountry "HUN"]

1. c4 e5 2. Nc3 Nc6 3. g3 Bc5 4. Bg2 d6 5. e3 Bf5 6. d3 Nf6 7. Nge2 0-0 8. 0-0 Qc8 9. d4 Bb6 10. Re1 exd4 11. exd4 Nb4 12. Bg5 Nc2 13. Bxf6 Nxa1 14. Nd5 Kh8 15. Qd2 gxf6 16. Rxa1 c6 17. Nxb6 axb6 18. Nf4 Bg6 1/2-1/2

[Event "HUN-chT2 Asztalos 1718"]
[Site "Hungary"]
[Date "2017.12.03"]
[Round "3.6"]
[White "Gyorke, Zoltan"]
[Black "Horvath, Jozsef3333"]
[Result "1-0"]
[WhiteElo "1968"]
[BlackElo "1892"]
[PlyCount "103"]
[EventDate "2017.10.29"]
[EventType "team-tourn"]
[EventRounds "9"]
[EventCountry "HUN"]
[SourceTitle "EXT 2021"]
[Source "ChessBase"]
[SourceDate "2020.10.23"]
[SourceVersion "1"]
[SourceVersionDate "2020.10.23"]
[SourceQuality "1"]
[WhiteTeam "Komlo Banyasz II"]
[BlackTeam "Marcali"]
[WhiteTeamCountry "HUN"]
[BlackTeamCountry "HUN"]

1. c4 c5 2. Nc3 Nf6 3. g3 g6 4. Bg2 Bg7 5. e3 e5 6. Nge2 Nc6 7. d4 exd4 8. exd4 cxd4 9. Nxd4 0-0 10. 0-0 Qb6 11. Ndb5 a6 12. Be3 Qa5 13. Nd6 Qb4 14. a3 Qa5 15. c5 Ne8 16. b4 Qd8 17. Rc1 Nxd6 18. Qxd6 Be5 19. Qd2 d5 20. Nxd5 Be6 21. Rfd1 Bxd5 22. Bxd5 Qc7 23. Qa2 Rad8 24. Rd2 h5 25. Bg5 Rde8 26. Rcd1 Bg7 27. Bg2 Ne5 28. Bf4 Qe7 29. Qd5 g5 30. Bxe5 Bxe5 31. Qxb7 Qf6 32. Qf3 Qg6 33. Rd7 h4 34. Qg4 f5 35. Qc4+ Kh8 36. c6 hxg3 37. hxg3 f4 38. Be4 Qh6 39. Rh7+ Qxh7 40. Bxh7 Kxh7 41. Rd7+ Kg6 42. Qd3+ Kh5 43. Rh7+ Kg4 44. gxf4 Kxf4 45. Kg2 Bh8 46. Qc4+ Ke5 47. c7 Kf6 48. Qxa6+ Kf5 49. Qc4 Kg6 50. Qc2+ Kf6 51. b5 Ke6 52. b6 1-0

[Event "HUN-chT2 Asztalos 1617"]
[Site "Hungary"]
[Date "2017.04.09"]
[Round "11.3"]
[White "Gyorke, Zoltan"]
[Black "Horvath, Attila"]
[Result "1/2-1/2"]
[WhiteElo "1972"]
[BlackElo "2147"]
[PlyCount "90"]
[EventDate "2016.09.25"]
[EventType "team-tourn"]
[EventRounds "11"]
[EventCountry "HUN"]
[SourceTitle "EXT 2021"]
[Source "ChessBase"]
[SourceDate "2020.10.23"]
[SourceVersion "1"]
[SourceVersionDate "2020.10.23"]
[SourceQuality "1"]
[WhiteTeam "Komlo Banyasz II"]
[BlackTeam "Nagyatad"]
[WhiteTeamCountry "HUN"]
[BlackTeamCountry "HUN"]

1. c4 c5 2. Nc3 Nc6 3. g3 g6 4. Bg2 Bg7 5. e3 Nf6 6. Nge2 0-0 7. 0-0 d6 8. d4 Bd7 9. d5 Na5 10. b3 a6 11. a4 Rb8 12. Bd2 Ne8 13. Qc2 b5 14. axb5 axb5 15. cxb5 Bxb5 16. Ra3 Bd7 17. Ne4 Nb7 18. Bc3 Nc7 19. Bxg7 Kxg7 20. N2c3 Kg8 21. Ra7 Na8 22. Rfa1 Nb6 23. Nd2 Qc7 24. Nc4 Ra8 25. Rxa8 Rxa8 26. Rxa8+ Nxa8 27. Qa2 Nb6 28. Bf1 Nxc4 29. Qa8+ Kg7 30. Bxc4 Bh3 31. Qa1 Qa5 32. Qxa5 Nxa5 33. f3 Bd7 34. Kf2 Kf8 35. e4 Ke8 36. Ke3 Kd8 37. f4 f6 38. e5 Bf5 39. exf6 exf6 40. Nb5 Kd7 41. Kd2 Be4 42. Kc3 Bg2 43. Na3 Ke7 44. Nc2 Be4 45. Ne3 f5 1/2-1/2

[Event "HUN-chT2 Asztalos 1617"]
[Site "Hungary"]
[Date "2016.09.25"]
[Round "1.6"]
[White "Gyorke, Zoltan"]
[Black "Szabo, Lorinc"]
[Result "0-1"]
[WhiteElo "1981"]
[BlackElo "1957"]
[PlyCount "50"]
[EventDate "2016.09.25"]
[EventType "team-tourn"]
[EventRounds "11"]
[EventCountry "HUN"]
[SourceTitle "EXT 2021"]
[Source "ChessBase"]
[SourceDate "2020.10.23"]
[SourceVersion "1"]
[SourceVersionDate "2020.10.23"]
[SourceQuality "1"]
[WhiteTeam "Komlo Banyasz II"]
[BlackTeam "Fehervar"]
[WhiteTeamCountry "HUN"]
[BlackTeamCountry "HUN"]

1. c4 Nf6 2. Nc3 g6 3. g3 Bg7 4. Bg2 0-0 5. e3 c6 6. Nge2 e5 7. d4 d6 8. 0-0 Qe7 9. d5 c5 10. e4 Nh5 11. Be3 f5 12. Qd2 Nd7 13. Bg5 Bf6 14. Bxf6 Ndxf6 15. f3 Bd7 16. Rae1 Qg7 17. f4 Qh6 18. Qc1 exf4 19. Nxf4 Ng4 20. Nd3 f4 21. Bh3 Nxg3 22. Bxg4 Nxf1 23. Bxd7 Nxh2 24. Re2 Nf3+ 25. Kf2 Qh2+ 0-1

[Event "HUN-chT2 Asztalos 1516"]
[Site "Hungary"]
[Date "2016.02.28"]
[Round "8.4"]
[White "Gyorke, Zoltan"]
[Black "Szunyogh, Istvan"]
[Result "1-0"]
[WhiteElo "1993"]
[BlackElo "1876"]
[PlyCount "118"]
[EventDate "2015.09.13"]
[EventType "team-tourn"]
[EventRounds "11"]
[EventCountry "HUN"]
[SourceTitle "EXT 2017"]
[Source "ChessBase"]
[SourceDate "2016.10.25"]
[SourceVersion "1"]
[SourceVersionDate "2016.10.25"]
[SourceQuality "1"]
[WhiteTeam "Komlo Banyasz"]
[BlackTeam "Pet"]
[WhiteTeamCountry "HUN"]
[BlackTeamCountry "HUN"]

1. c4 c5 2. Nc3 Nc6 3. g3 g6 4. Bg2 Bg7 5. Nf3 Nf6 6. 0-0 0-0 7. d4 cxd4 8. Nxd4 Nxd4 9. Qxd4 d6 10. Qd3 Rb8 11. e4 b6 12. b3 Bb7 13. Bg5 Nd7 14. Rad1 Nc5 15. Qc2 Re8 16. Nd5 Bxd5 17. exd5 Qc7 18. Rfe1 Rbc8 19. Bh3 Rcd8 20. Re2 f6 21. Bc1 f5 22. Bg2 Bf6 23. Bb2 Kg7 24. Rde1 Kf7 25. Bxf6 exf6 26. b4 Rxe2 27. Qxe2 Nd7 28. Qe7+ Kg8 29. Re6 Rf8 30. Rxd6 Rf7 31. Qe8+ Kg7 32. Rc6 Qe5 33. Qxe5 fxe5 34. Rc7 Nf6 35. Rc8 Rd7 36. Kf1 Kf7 37. h3 Ne8 38. Ke2 Nd6 39. Rc6 Ke7 40. c5 bxc5 41. bxc5 Nf7 42. d6+ Ke6 43. Ra6 e4 44. f3 Kd5 45. c6 Rd8 46. c7 Rc8 47. fxe4+ fxe4 48. Rxa7 Nxd6 49. Ke3 Nc4+ 50. Ke2 Kd4 51. h4 Nd6 52. Bh3 Nf5 53. Bxf5 gxf5 54. a4 h5 55. Rb7 Kd5 56. Rb4 Ke6 57. Rb6+ Ke5 58. Rb5+ Kd6 59. Rxf5 Rxc7 1-0

[Event "HUN-chT2 Asztalos 1516"]
[Site "Hungary"]
[Date "2015.11.29"]
[Round "5.4"]
[White "Vrban, Damir"]
[Black "Gyorke, Zoltan"]
[Result "1-0"]
[WhiteElo "2121"]
[BlackElo "2018"]
[PlyCount "119"]
[EventDate "2015.09.13"]
[EventType "team-tourn"]
[EventRounds "11"]
[EventCountry "HUN"]
[SourceTitle "CBM 170 Extra"]
[Source "ChessBase"]
[SourceDate "2016.02.25"]
[SourceVersion "1"]
[SourceVersionDate "2016.02.25"]
[SourceQuality "1"]
[WhiteTeam "Nagyatad"]
[BlackTeam "Komlo Banyasz"]
[WhiteTeamCountry "HUN"]
[BlackTeamCountry "HUN"]

1. g3 g6 2. Bg2 Bg7 3. e4 c5 4. Nc3 d6 5. Nge2 Nc6 6. a3 e6 7. Rb1 a5 8. Nb5 Nd4 9. Nbxd4 cxd4 10. c3 dxc3 11. bxc3 Ne7 12. a4 0-0 13. Ba3 Nc6 14. d4 Re8 15. 0-0 e5 16. f4 exd4 17. Nxd4 Nxd4 18. cxd4 Qf6 19. e5 dxe5 20. dxe5 Qf5 21. Re1 Bf8 22. Bxf8 Rxf8 23. Rb5 Be6 24. Bxb7 Rad8 25. Qb1 Qh3 26. Bg2 Qg4 27. Qe4 Rd1 28. h3 Rxe1+ 29. Qxe1 Qf5 30. Qe4 Qh5 31. g4 Qh4 32. Rxa5 Qd8 33. Ra8 Qb6+ 34. Kh2 Rxa8 35. Qxa8+ Kg7 36. Qe4 Bb3 37. f5 h6 38. fxg6 fxg6 39. Qc6 Qe3 40. Qf6+ Kh7 41. a5 h5 42. Qe7+ Kh8 43. Qd8+ Kh7 44. Qc7+ Kh8 45. Qb8+ Kh7 46. Qb7+ Kh6 47. Qe4 Qf2 48. Qf3 Qe1 49. g5+ Kxg5 50. Qxb3 Qxa5 51. Qe3+ Kf5 52. Qe4+ Kg5 53. Kg3 Kh6 54. Bf1 Kg7 55. Bd3 Qb6 56. Qxg6+ Qxg6+ 57. Bxg6 Kxg6 58. Kf4 Kf7 59. Kg5 h4 60. Kxh4 1-0

[Event "HUN-chT2 Charousek 1415"]
[Site "Hungary"]
[Date "2015.03.22"]
[Round "8"]
[White "Andahazy, Kolos"]
[Black "Gyorke, Zoltan"]
[Result "0-1"]
[WhiteElo "1798"]
[BlackElo "2017"]
[PlyCount "56"]
[EventDate "2014.10.12"]
[EventType "team-tourn"]
[EventRounds "9"]
[EventCountry "HUN"]
[SourceTitle "EXT 2016"]
[Source "ChessBase"]
[SourceDate "2015.10.08"]
[SourceVersion "1"]
[SourceVersionDate "2015.10.08"]
[SourceQuality "1"]
[WhiteTeam "Biatorbagy"]
[BlackTeam "Komlo"]
[WhiteTeamCountry "HUN"]
[BlackTeamCountry "HUN"]

1. e4 c5 2. Nf3 d6 3. d4 cxd4 4. Nxd4 Nf6 5. Nc3 g6 6. Bb5+ Bd7 7. Bxd7+ Nbxd7 8. 0-0 Bg7 9. Kh1 0-0 10. f3 Qb6 11. Be3 Qa5 12. Nce2 Ne5 13. Bf2 d5 14. exd5 Nxd5 15. Nb3 Qd8 16. c3 Nc4 17. Qc1 Qc7 18. Rd1 Rad8 19. Ned4 a6 20. Re1 e5 21. Nc2 Nf4 22. Re4 f5 23. Rxf4 exf4 24. Bd4 Rfe8 25. Bxg7 Kxg7 26. Nbd4 Ne3 27. Qg1 Qb6 28. Nb4 Rxd4 0-1

[Event "HUN-chT2 Charousek 1415"]
[Site "Hungary"]
[Date "2015.01.25"]
[Round "5"]
[White "Boronyak, Arpad"]
[Black "Gyorke, Zoltan"]
[Result "1/2-1/2"]
[WhiteElo "2215"]
[BlackElo "2017"]
[PlyCount "53"]
[EventDate "2014.10.12"]
[EventType "team-tourn"]
[EventRounds "9"]
[EventCountry "HUN"]
[SourceTitle "EXT 2016"]
[Source "ChessBase"]
[SourceDate "2015.10.08"]
[SourceVersion "1"]
[SourceVersionDate "2015.10.08"]
[SourceQuality "1"]
[WhiteTeam "Csuti"]
[BlackTeam "Komlo"]
[WhiteTeamCountry "HUN"]
[BlackTeamCountry "HUN"]

1. e4 c5 2. Nc3 Nc6 3. f4 g6 4. Nf3 Bg7 5. g3 e6 6. Bg2 Nge7 7. 0-0 0-0 8. d3 d6 9. Be3 Nd4 10. Qd2 d5 11. Nd1 Nxf3+ 12. Bxf3 d4 13. Bf2 e5 14. c3 Bh3 15. Re1 Qd7 16. cxd4 cxd4 17. b3 Bh6 18. Nb2 b5 19. a4 a6 20. Rec1 Rfc8 21. b4 Rxc1+ 22. Rxc1 Rc8 23. Rc5 Rxc5 24. bxc5 Nc6 25. Qc1 Qc7 26. Be1 exf4 27. Bd2 1/2-1/2

[Event "HUN-chT2 Charousek 1415"]
[Site "Hungary"]
[Date "2014.10.12"]
[Round "1"]
[White "Gyorke, Zoltan"]
[Black "Makk, Norbert"]
[Result "1/2-1/2"]
[WhiteElo "2017"]
[BlackElo "2025"]
[PlyCount "153"]
[EventDate "2014.10.12"]
[EventType "team-tourn"]
[EventRounds "9"]
[EventCountry "HUN"]
[SourceTitle "EXT 2016"]
[Source "ChessBase"]
[SourceDate "2015.10.08"]
[SourceVersion "1"]
[SourceVersionDate "2015.10.08"]
[SourceQuality "1"]
[WhiteTeam "Komlo"]
[BlackTeam "SZASTE"]
[WhiteTeamCountry "HUN"]
[BlackTeamCountry "HUN"]

1. e4 e5 2. Nf3 Nc6 3. d4 exd4 4. Nxd4 Bc5 5. Be3 Qf6 6. c3 Nge7 7. Bc4 Qg6 8. 0-0 Ne5 9. Bb3 d6 10. f3 Bd7 11. Qd2 0-0-0 12. a4 f5 13. Nxf5 Nxf5 14. exf5 Bxf5 15. Kh1 Rhe8 16. Na3 Nd3 17. Bxc5 Nxc5 18. Bd1 Bd3 19. Rg1 Re7 20. b4 Nd7 21. Nb5 a6 22. Nd4 c5 23. Nb3 Ne5 24. bxc5 Nc4 25. Qf4 Rde8 26. Qg4+ Qxg4 27. fxg4 Re1 28. Bf3 Rxa1 29. Rxa1 Bc2 30. Nd4 Bxa4 31. cxd6 Nxd6 32. h4 Bd7 33. Rc1 Nc4 34. Rb1 b5 35. Ra1 a5 36. Bd5 Nb6 37. Bc6 Bxc6 38. Nxc6 Kc7 39. Nd4 Ra8 40. Nxb5+ Kc6 41. Nd4+ Kd5 42. Rb1 Nc4 43. Rb7 a4 44. Nc2 a3 45. Rxg7 a2 46. Nb4+ Ke4 47. Nxa2 Rxa2 48. Rxh7 Kf4 49. Rf7+ Kg3 50. Rf3+ Kxh4 51. Kh2 Ne5 52. Rh3+ Kxg4 53. Kg1 Ng6 54. Re3 Nf4 55. Kf1 Rxg2 56. Ke1 Ra2 57. Kd1 Ng2 58. Rd3 Kf4 59. Rd2 Ra1+ 60. Kc2 Ne3+ 61. Kb3 Ra8 62. Rd4+ Ke5 63. Rb4 Rc8 64. Rb5+ Ke4 65. Rb4+ Kd3 66. Rd4+ Ke2 67. Re4 Kf3 68. Rb4 Nd5 69. Rd4 Rxc3+ 70. Kb2 Rc5 71. Rh4 Ke3 72. Rh3+ Kd2 73. Kb3 Ne3 74. Kb4 Rc8 75. Kb5 Kd3 76. Kb4 Ke4 77. Rh4+ 1/2-1/2

[Event "HUN-chT2 Asztalos 1314"]
[Site "Hungary"]
[Date "2014.03.23"]
[Round "7"]
[White "Gyorke, Zoltan"]
[Black "Albrecht, Gabor"]
[Result "1-0"]
[WhiteElo "2057"]
[BlackElo "2048"]
[PlyCount "56"]
[EventDate "2013.09.08"]
[EventType "team-tourn"]
[EventRounds "9"]
[EventCountry "HUN"]
[SourceTitle "EXT 2016"]
[Source "ChessBase"]
[SourceDate "2015.10.08"]
[SourceVersion "1"]
[SourceVersionDate "2015.10.08"]
[SourceQuality "1"]
[WhiteTeam "Szentlorinc"]
[BlackTeam "Fehervar"]
[WhiteTeamCountry "HUN"]
[BlackTeamCountry "HUN"]

1. c4 e6 2. Nc3 d5 3. d4 Be7 4. Nf3 Nf6 5. g3 0-0 6. Bg2 c6 7. 0-0 Nbd7 8. b3 b6 9. Ne5 Nxe5 10. dxe5 Nd7 11. f4 Bb7 12. cxd5 cxd5 13. Bb2 Rc8 14. Rc1 Bc5+ 15. Kh1 Be3 16. Rc2 Ba6 17. Ba3 Re8 18. Bd6 Bc5 19. Bxc5 bxc5 20. Qd2 Qe7 21. Na4 Rc6 22. Rfc1 c4 23. e4 Nb6 24. Nxb6 Rxb6 25. exd5 exd5 26. Bxd5 Qd7 27. bxc4 Rd8 28. Rd1 Rh6 1-0

[Event "HUN-chT2 Asztalos 1314"]
[Site "Hungary"]
[Date "2014.03.02"]
[Round "6"]
[White "Kele, Janos"]
[Black "Gyorke, Zoltan"]
[Result "1/2-1/2"]
[WhiteElo "2086"]
[BlackElo "2057"]
[PlyCount "66"]
[EventDate "2013.09.08"]
[EventType "team-tourn"]
[EventRounds "9"]
[EventCountry "HUN"]
[SourceTitle "EXT 2016"]
[Source "ChessBase"]
[SourceDate "2015.10.08"]
[SourceVersion "1"]
[SourceVersionDate "2015.10.08"]
[SourceQuality "1"]
[WhiteTeam "Kaposvar Bastya"]
[BlackTeam "Szentlorinc"]
[WhiteTeamCountry "HUN"]
[BlackTeamCountry "HUN"]

1. e4 c5 2. Nf3 d6 3. d4 cxd4 4. Qxd4 Nc6 5. Bb5 Bd7 6. Bxc6 Bxc6 7. 0-0 Nf6 8. c4 Bxe4 9. Ng5 Bc6 10. b4 b6 11. Nc3 h6 12. Nge4 Nxe4 13. Nxe4 Qd7 14. Re1 e6 15. Bf4 d5 16. cxd5 Qxd5 17. Qc3 Rd8 18. h3 f5 19. Rad1 Qxd1 20. Nf6+ Kf7 21. Rxd1 Rxd1+ 22. Kh2 gxf6 23. Qxc6 Bxb4 24. Qa4 Rd4 25. Qxa7+ Be7 26. Be3 Rdd8 27. Qxb6 Ra8 28. Qb2 h5 29. h4 Rhg8 30. g3 Rab8 31. Qe2 Rh8 32. Qc2 Rhc8 33. Qe2 Rh8 1/2-1/2

[Event "HUN-chT2 Asztalos 1314"]
[Site "Hungary"]
[Date "2013.11.03"]
[Round "4"]
[White "Gyorke, Zoltan"]
[Black "Horvath, Attila"]
[Result "1/2-1/2"]
[WhiteElo "2057"]
[BlackElo "2126"]
[PlyCount "58"]
[EventDate "2013.09.08"]
[EventType "team-tourn"]
[EventRounds "9"]
[EventCountry "HUN"]
[SourceTitle "EXT 2016"]
[Source "ChessBase"]
[SourceDate "2015.10.08"]
[SourceVersion "1"]
[SourceVersionDate "2015.10.08"]
[SourceQuality "1"]
[WhiteTeam "Szentlorinc"]
[BlackTeam "Nagyatad"]
[WhiteTeamCountry "HUN"]
[BlackTeamCountry "HUN"]

1. c4 e6 2. Nc3 d5 3. d4 c6 4. cxd5 exd5 5. a3 Nf6 6. Bg5 Be7 7. Nf3 h6 8. Bh4 Bf5 9. Qb3 Qb6 10. Qxb6 axb6 11. e3 b5 12. Bxf6 Bxf6 13. Rc1 0-0 14. Kd2 Nd7 15. Bd3 Bxd3 16. Kxd3 Be7 17. Ne5 Nxe5+ 18. dxe5 Rfd8 19. f4 Ra5 20. Rhd1 Kf8 21. g3 b4 22. axb4 Bxb4 23. Ra1 Rda8 24. Rxa5 Rxa5 25. h4 Ke7 26. h5 Bxc3 27. Kxc3 Rc5+ 28. Kd3 Rb5 29. Kc3 Rc5+ 1/2-1/2

[Event "HUN-chT2 Asztalos 1213"]
[Site "Hungary"]
[Date "2012.11.18"]
[Round "4.7"]
[White "Ragyelik, Andras"]
[Black "Gyorke, Zoltan"]
[Result "0-1"]
[WhiteElo "1809"]
[BlackElo "2065"]
[PlyCount "52"]
[EventDate "2012.09.16"]
[EventType "team-tourn"]
[EventRounds "9"]
[EventCountry "HUN"]
[SourceTitle "EXT 2014"]
[Source "ChessBase"]
[SourceDate "2013.11.20"]
[SourceVersion "1"]
[SourceVersionDate "2013.11.20"]
[SourceQuality "1"]
[WhiteTeam "Dunaujvaros"]
[BlackTeam "Komlo"]
[WhiteTeamCountry "HUN"]
[BlackTeamCountry "HUN"]

1. e4 c5 2. c3 Nf6 3. e5 Nd5 4. d4 cxd4 5. Nf3 d6 6. Bc4 e6 7. cxd4 dxe5 8. Nxe5 Bb4+ 9. Bd2 Bxd2+ 10. Nxd2 0-0 11. Ndf3 a6 12. 0-0 b5 13. Bb3 Bb7 14. Rc1 Nd7 15. Nc6 Bxc6 16. Rxc6 N7b6 17. Qd2 a5 18. Rfc1 a4 19. Bd1 Nc4 20. Qe2 Qf6 21. Ne5 Qf4 22. Rb1 Nb4 23. Nd3 Nxd3 24. Qxd3 Rad8 25. Bc2 g6 26. Rc5 Rxd4 0-1

[Event "HUN-chT2 Asztalos 1112"]
[Site "Hungary"]
[Date "2012.05.20"]
[Round "11.7"]
[White "Jeszenszky, Jozsef"]
[Black "Gyorke, Zoltan"]
[Result "1/2-1/2"]
[WhiteElo "1791"]
[BlackElo "2108"]
[PlyCount "85"]
[EventDate "2011.09.25"]
[EventType "team-tourn"]
[EventRounds "11"]
[EventCountry "HUN"]
[SourceTitle "EXT 2013"]
[Source "ChessBase"]
[SourceDate "2012.11.22"]
[SourceVersion "1"]
[SourceVersionDate "2012.11.22"]
[SourceQuality "1"]
[WhiteTeam "Szentlorinc"]
[BlackTeam "Komlo"]
[WhiteTeamCountry "HUN"]
[BlackTeamCountry "HUN"]

1. e4 c5 2. Nf3 d6 3. d4 cxd4 4. Nxd4 Nf6 5. Nc3 g6 6. f4 Nbd7 7. Bb5 a6 8. e5 axb5 9. exf6 Nxf6 10. Ndxb5 Bg7 11. Qf3 0-0 12. 0-0 d5 13. h3 Bf5 14. Nd4 Be4 15. Qf2 Qb6 16. Nb3 Qc6 17. Be3 Rac8 18. Rac1 e6 19. Bd4 b5 20. Qe2 b4 21. Nxe4 Nxe4 22. Bxg7 Kxg7 23. Qe3 Qc4 24. Rfd1 Ra8 25. Rd4 Qb5 26. Nd2 Nxd2 27. Qxd2 Rxa2 28. Rxb4 Qc5+ 29. Kf1 Rfa8 30. Qe1 Kg8 31. c3 R2a4 32. Rxa4 Rxa4 33. Qe5 Re4 34. Qb8+ Kg7 35. Re1 Qc4+ 36. Kf2 Rxf4+ 37. Kg3 Re4 38. Kf2 Qc5+ 39. Kf1 Rxe1+ 40. Kxe1 Qe3+ 41. Kf1 Qd3+ 42. Kf2 Qd2+ 43. Kf3 1/2-1/2

[Event "HUN-chT2 Asztalos 1112"]
[Site "Hungary"]
[Date "2012.05.06"]
[Round "10.7"]
[White "Gyorke, Zoltan"]
[Black "Prantner, Janos Jr"]
[Result "1-0"]
[WhiteElo "2108"]
[BlackElo "2053"]
[PlyCount "67"]
[EventDate "2011.09.25"]
[EventType "team-tourn"]
[EventRounds "11"]
[EventCountry "HUN"]
[SourceTitle "EXT 2013"]
[Source "ChessBase"]
[SourceDate "2012.11.22"]
[SourceVersion "1"]
[SourceVersionDate "2012.11.22"]
[SourceQuality "1"]
[WhiteTeam "Komlo"]
[BlackTeam "Decs II"]
[WhiteTeamCountry "HUN"]
[BlackTeamCountry "HUN"]

1. c4 c6 2. Nc3 d5 3. d4 Nf6 4. e3 e6 5. Nf3 Nbd7 6. Bd3 dxc4 7. Bxc4 b5 8. Bd3 Bb7 9. 0-0 b4 10. Ne4 Nxe4 11. Bxe4 f5 12. Bc2 Bd6 13. Bb3 Qf6 14. e4 fxe4 15. Ng5 0-0-0 16. Nxe6 Rde8 17. Qg4 h5 18. Qh3 Kb8 19. Bg5 Qg6 20. Bf4 Bxf4 21. Nxf4 Qg4 22. Qxg4 hxg4 23. a3 Rh6 24. axb4 Reh8 25. Rfe1 Rxh2 26. Nh3 R2xh3 27. gxh3 Rxh3 28. Re3 Rh4 29. Ra5 c5 30. bxc5 Nf6 31. c6 Bxc6 32. Rg5 Nh5 33. d5 Bb5 34. Rxe4 1-0

[Event "HUN-chT2 Asztalos 1011"]
[Site "Hungary"]
[Date "2010.09.26"]
[Round "2.7"]
[White "Galambos, Menyhert"]
[Black "Gyorke, Zoltan"]
[Result "1-0"]
[WhiteElo "1921"]
[BlackElo "2101"]
[PlyCount "95"]
[EventDate "2010.09.12"]
[EventType "team-tourn"]
[EventRounds "11"]
[EventCountry "HUN"]
[SourceTitle "EXT 2012"]
[Source "ChessBase"]
[SourceDate "2011.11.24"]
[SourceVersion "1"]
[SourceVersionDate "2011.11.24"]
[SourceQuality "1"]
[WhiteTeam "Baja"]
[BlackTeam "Komlo"]
[WhiteTeamCountry "HUN"]
[BlackTeamCountry "HUN"]

1. d4 Nf6 2. c4 g6 3. Nc3 Bg7 4. e4 d6 5. h3 c6 6. Nf3 0-0 7. Bg5 Qc7 8. Bd3 Nbd7 9. Qd2 e5 10. d5 a6 11. 0-0 c5 12. a3 Rb8 13. b4 b6 14. Rfb1 Nh5 15. g4 Nf4 16. Bxf4 exf4 17. Ra2 Ne5 18. Nxe5 Bxe5 19. Rc2 Bd7 20. b5 a5 21. f3 Qd8 22. Kg2 Qh4 23. Qe1 Qg5 24. Ne2 f5 25. h4 Qf6 26. exf5 gxf5 27. g5 Qg7 28. Qd2 h6 29. Nxf4 hxg5 30. Nh5 Qg6 31. Qxg5 Qxg5+ 32. hxg5 Kf7 33. f4 Bd4 34. Re2 Rbe8 35. Rbe1 Rxe2+ 36. Rxe2 Rh8 37. Ng3 Rh4 38. Kf3 Rh3 39. Kg2 Rh4 40. g6+ Kxg6 41. Re7 Bxb5 42. cxb5 Rxf4 43. Nxf5 Rf2+ 44. Kg3 Ra2 45. Nxd4+ Kf6 46. Re6+ Kf7 47. Bg6+ Kg7 48. Nf5+ 1-0

[Event "HUN-chT2 Asztalos 1011"]
[Site "Hungary"]
[Date "2010.09.12"]
[Round "1.7"]
[White "Gyorke, Zoltan"]
[Black "Nador, Zoltan"]
[Result "1/2-1/2"]
[WhiteElo "2101"]
[BlackElo "1936"]
[PlyCount "123"]
[EventDate "2010.09.12"]
[EventType "team-tourn"]
[EventRounds "11"]
[EventCountry "HUN"]
[SourceTitle "EXT 2012"]
[Source "ChessBase"]
[SourceDate "2011.11.24"]
[SourceVersion "1"]
[SourceVersionDate "2011.11.24"]
[SourceQuality "1"]
[WhiteTeam "Komlo"]
[BlackTeam "Marcali"]
[WhiteTeamCountry "HUN"]
[BlackTeamCountry "HUN"]

1. d4 d5 2. c4 c6 3. cxd5 cxd5 4. Nc3 e6 5. Nf3 Nf6 6. Bg5 Be7 7. e3 Nc6 8. Bd3 Bd7 9. 0-0 Rc8 10. Rc1 h6 11. Bh4 a6 12. Bb1 Bd6 13. e4 dxe4 14. Nxe4 Be7 15. Bxf6 gxf6 16. d5 exd5 17. Qxd5 Be6 18. Qh5 Qd5 19. Qxd5 Bxd5 20. Rfd1 Be6 21. Nd4 Nxd4 22. Rxc8+ Bxc8 23. Rxd4 0-0 24. h3 Rd8 25. Rxd8+ Bxd8 26. Nd6 Be6 27. Nxb7 Bb6 28. Nd6 Kf8 29. Ne4 Ke7 30. Nc3 Kd6 31. Bd3 a5 32. Kf1 Ke5 33. Ke2 f5 34. a3 Bd4 35. Ba6 Bc5 36. Bd3 Bd4 37. Bb5 Bc5 38. Na4 Bd4 39. b4 axb4 40. axb4 Bd5 41. Kf1 Kd6 42. g3 Bb3 43. Ke2 Bd5 44. Bd3 Be6 45. h4 Bd7 46. Nc5 Be6 47. Na6 Ke5 48. b5 f4 49. Nb4 Bd7 50. Nc2 Bb6 51. Ne1 fxg3 52. fxg3 Bg4+ 53. Nf3+ Kd5 54. Bc2 f6 55. Bd3 Kc5 56. Ke3 Bc7 57. Kf2 Bb6 58. Kg2 Kd5 59. Nd2 Kd4 60. Bg6 Bd7 61. Ne4 Ke5 62. Nc3 1/2-1/2

[Event "HUN-chT2 Asztalos 0910"]
[Site "Hungary"]
[Date "2010.04.18"]
[Round "10"]
[White "Andi, Peter"]
[Black "Gyorke, Zoltan"]
[Result "0-1"]
[WhiteElo "2182"]
[BlackElo "2121"]
[PlyCount "71"]
[EventDate "2009.11.08"]
[EventType "team-tourn"]
[EventRounds "11"]
[EventCountry "HUN"]
[SourceTitle "EXT 2011"]
[Source "ChessBase"]
[SourceDate "2010.11.26"]
[SourceVersion "1"]
[SourceVersionDate "2010.11.26"]
[SourceQuality "1"]
[WhiteTeam "Decs II"]
[BlackTeam "Komlo"]
[WhiteTeamCountry "HUN"]
[BlackTeamCountry "HUN"]

1. e4 d5 2. exd5 Qxd5 3. Nc3 Qd8 4. d4 Nf6 5. Bc4 Bf5 6. Nf3 c6 7. Qe2 e6 8. Bd2 Bxc2 9. Bg5 Bg6 10. d5 cxd5 11. Bxf6 gxf6 12. Bxd5 Nc6 13. Rd1 Qa5 14. 0-0 Be7 15. Bb3 0-0 16. Rd7 Rad8 17. Rfd1 Rxd7 18. Rxd7 Rd8 19. Qd2 Bb4 20. Rxd8+ Qxd8 21. Qf4 Bxc3 22. bxc3 Qd3 23. h4 Qxc3 24. Qc7 Qb4 25. Qc8+ Kg7 26. Qd7 Qe7 27. Qd2 h5 28. Qf4 e5 29. Qe3 Qb4 30. Bd5 Nd4 31. Nd2 Nf5 32. Qe2 Nxh4 33. Ne4 Nf5 34. Qf3 b6 35. g4 Qe1+ 36. Kg2 0-1